| 000 -LEADER |
| fixed length control field |
01370pab a2200193 454500 |
| 008 - FIXED-LENGTH DATA ELEMENTS--GENERAL INFORMATION |
| fixed length control field |
180718b2010 xxu||||| |||| 00| 0 eng d |
| 100 ## - MAIN ENTRY--PERSONAL NAME |
| Personal name |
Ghatak, Sandip Kumar |
| 245 ## - TITLE STATEMENT |
| Title |
Political participation of women in West Bengal: its nature and extent |
| 260 ## - PUBLICATION, DISTRIBUTION, ETC. |
| Date of publication, distribution, etc. |
2010 |
| 300 ## - PHYSICAL DESCRIPTION |
| Extent |
p.285-94. |
| 362 ## - DATES OF PUBLICATION AND/OR SEQUENTIAL DESIGNATION |
| Dates of publication and/or sequential designation |
Jan-Mar |
| 520 ## - SUMMARY, ETC. |
| Summary, etc. |
Whatever may be the character of the political system; even in a modern dictatorial regime political participation has great importance. And traditional democratic theory generally regards participation by the individual in political activity as a virtue in its own rights. In fact, participation has been seen as a civic duty, as well as a sign of political health. Thus, the success of a democratic political system depends upon the nature and extent of the political participation among the citizens of the country irrespective of caste, colour, sex and region. But, in India reality provides us a very discouraging picture. Indian women in general, and the women of West Bengal in particular stands far away from the political world of the country in comparison of their male counterpart - Reproduced. |
| 650 ## - SUBJECT ADDED ENTRY--TOPICAL TERM |
| Topical term or geographic name entry element |
Political participation - India - West Bengal |
| 650 ## - SUBJECT ADDED ENTRY--TOPICAL TERM |
| Topical term or geographic name entry element |
Women in politics - India - West Bengal |
| 650 ## - SUBJECT ADDED ENTRY--TOPICAL TERM |
| Topical term or geographic name entry element |
Women in politics |
| 773 ## - HOST ITEM ENTRY |
| Main entry heading |
Indian Journal of Political Science |
| 908 ## - PUT COMMAND PARAMETER (RLIN) |
| Put command parameter |
N |
| 909 ## - |
| -- |
87271 |